000 00884nam a22002777a 4500
003 DO-SdBPM
005 20250829120307.0
007 ta
008 161104b1999 sp || 00| 0 spa d
020 _a9788475159041
040 _aDO-SdBPM
_bspa
_cBPMSU
_erda
082 4 _a813.5
_bT589a 1999
_222
100 1 _aTinkler, David
_d1961-
_eautor
245 1 3 _aLa abuela tiburón y sus chicas en acción /
_cDavid Tinkler ; traducción Mireira Porta
264 _aBarcelona :
_bMontena,
_c1999.
300 _a195 págians ;
_c18 cm.
336 _atexto
_btxt
_2rdacontent
337 _asin mediación
_bn
_2rdamedia
338 _avolumen
_bnc
_2rdacarrier
590 _aInventariado, 2025/VM
650 7 _aNovela juvenil estadounidense
650 7 _aDetectives
_vNovela juvenil
700 1 _aPorta, Mireia,
_etraductor
910 _aVMateo V. Control de calidad. BPMSU
942 _2ddc
_cBK
999 _c11799
_d11799